Statistics for Countries Beginning with "A" and Ending with "A"

Click here to take the quiz!

General Stats

  • This quiz has been taken 502 times
  • The average score is 7 of 9

Answer Stats

Country% Correct
Australia
88%
Albania
83%
Austria
82%
Armenia
81%
Angola
78%
Argentina
78%
Algeria
77%
Andorra
75%
Antigua and Barbuda
65%

Score Distribution

Percentile by Number Answered

Percent of People with Each Score

Your Score History

You have not taken this quiz